Ntc's Beginner's German and English Dictionary, (Record no. 6453)
[ view plain ]
| 005 - DATE AND TIME OF LATEST TRANSACTION | |
|---|---|
| control field | 20250630065924.0 |
| 020 ## - INTERNATIONAL STANDARD BOOK NUMBER | |
| International Standard Book Number | 0-8442-2497-9 |
| 082 ## - DEWEY DECIMAL CLASSIFICATION NUMBER | |
| Classification number | 133.21 NTC |
| 245 ## - TITLE STATEMENT | |
| Title | Ntc's Beginner's German and English Dictionary, |
| 260 ## - PUBLICATION, DISTRIBUTION, ETC. | |
| Place of publication, distribution, etc. | New York, |
| Name of publisher, distributor, etc. | NTC Publishing Group, |
| Date of publication, distribution, etc. | 1975 |
| 300 ## - PHYSICAL DESCRIPTION | |
| Extent | xix, 465p,: ill.' figure, picture, table |
| Dimensions | 22cm |
| 942 ## - ADDED ENTRY ELEMENTS (KOHA) | |
| Source of classification or shelving scheme | Dewey Decimal Classification |
| Koha item type | Books |
| Date last seen | Total checkouts | Full call number | Barcode | Cost, replacement price | Price effective from | Koha item type | Lost status | Source of classification or shelving scheme | Damaged status | Not for loan | Withdrawn status | Home library | Current library | Shelving location | Date acquired | Cost, normal purchase price |
|---|---|---|---|---|---|---|---|---|---|---|---|---|---|---|---|---|
| 06/30/2025 | 33.21 NTC | DOM0004503 | 90000.00 | 06/30/2025 | Books | Dewey Decimal Classification | CBE Dodoma | CBE Dodoma | Reference Collection | 04/24/1997 | 30000.00 | |||||
| 06/30/2025 | 33.21 NTC | DOM0004504 | 90000.00 | 06/30/2025 | Books | Dewey Decimal Classification | CBE Dodoma | CBE Dodoma | Reference Collection | 04/24/1997 | 30000.00 | |||||
| 06/30/2025 | 33.21 NTC | DOM0004505 | 90000.00 | 06/30/2025 | Books | Dewey Decimal Classification | CBE Dodoma | CBE Dodoma | Reference Collection | 04/24/1997 | 30000.00 | |||||
| 06/30/2025 | 33.21 NTC | DOM0004506 | 90000.00 | 06/30/2025 | Books | Dewey Decimal Classification | CBE Dodoma | CBE Dodoma | Reference Collection | 04/24/1997 | 30000.00 |
